Southville International School and Colleges
Your cart is empty.
  • Cart
  • Lists
    Public lists Eva Luna New books Lux_list list_1
    Your lists Log in to create your own lists
  • Log in to your account
  • Your cookies
  • Search history
Southville International School and Colleges
  • Advanced search
  • Recent comments
  • Most popular
  • Libraries

Log in to your account

Log in with GOOGLE


If you do not have an external account, but do have a local account, you can still log in:

  1. Home
  2. MARC view: A mercenary calling /
Normal view MARC view ISBD view

A mercenary calling / (Record no. 11332)

[ view plain ]
MARC details
000 -LEADER
fixed length control field 01147nam a2200265 a 4500
001 - CONTROL NUMBER
control field 1374455
003 - CONTROL NUMBER IDENTIFIER
control field LC
005 - DATE AND TIME OF LATEST TRANSACTION
control field 20160229100710.0
008 - FIXED-LENGTH DATA ELEMENTS--GENERAL INFORMATION
fixed length control field 820310s1980 enka 000 1 eng
010 ## - LIBRARY OF CONGRESS CONTROL NUMBER
LC control number 81116204
015 ## - NATIONAL BIBLIOGRAPHY NUMBER
National bibliography number GB***
020 ## - INTERNATIONAL STANDARD BOOK NUMBER
International Standard Book Number 0586050396
Terms of availability £7.95
040 ## - CATALOGING SOURCE
Original cataloging agency DLC
Transcribing agency DLC
Modifying agency DLC
050 00 - LIBRARY OF CONGRESS CALL NUMBER
Classification number PR 6073.A413
Item number .W177 1980
082 00 - DEWEY DECIMAL CLASSIFICATION NUMBER
Classification number FIC
Item number W15m 1980
100 1# - MAIN ENTRY--PERSONAL NAME
Personal name Walker, Martin,
Dates associated with a name 1947-
9 (RLIN) 19836
245 12 - TITLE STATEMENT
Title A mercenary calling /
Statement of responsibility, etc Martin Walker.
260 ## - PUBLICATION, DISTRIBUTION, ETC. (IMPRINT)
Place of publication, distribution, etc London ;
-- New York :
Name of publisher, distributor, etc Granada,
Date of publication, distribution, etc 1980.
300 ## - PHYSICAL DESCRIPTION
Extent 349 p. ;
Other physical details ill. ;
Dimensions 23 cm.
520 ## - SUMMARY, ETC.
Summary, etc Angola, a cauldron of civil war, where America, Russia, Cuba and South Africa watch and wait, ready to make their bid for mastery. Ex-sas Man David Maddox is called in by British Intelligence to act as troubleshooter in an intricate and explosive crisis. But when an intelligence leak cripples his strike force, Maddox begins to wonder just who his friends are. He even doubts the beautiful black goddess, Mia, who gives him so much pleasure.
650 ## - SUBJECT ADDED ENTRY--TOPICAL TERM
Topical term or geographic name as entry element Fiction
9 (RLIN) 746
906 ## - LOCAL DATA ELEMENT F, LDF (RLIN)
a 7
b cbc
c orignew
d 4
e ncip
f 19
g y-gencatlg
942 ## - ADDED ENTRY ELEMENTS (KOHA)
Source of classification or shelving scheme Library of Congress Classification
Koha item type Books
Holdings
Withdrawn status Lost status Source of classification or shelving scheme Damaged status Home library Current library Shelving location Date acquired Total Checkouts Full call number Barcode Date last seen Copy number Price effective from Koha item type
    Library of Congress Classification   Luxembourg Library Luxembourg Library Fiction Section 09/14/2013   PR 6073.A413 .W177 1980 6781 08/14/2015 1 09/14/2013 Books

A mercenary calling /

APA

Walker M., . (1980). A mercenary calling. London: Granada.

Chicago

Walker Martin, . 1980. A mercenary calling. London: Granada.

Harvard

Walker M., . (1980). A mercenary calling. London: Granada.

MLA

Walker Martin, . A mercenary calling. London: Granada. 1980.

  • Place hold
  • Print
  • Cite
  • Add to your cart (remove)
  • Save record
    BIBTEX Dublin Core MARCXML MARC (non-Unicode/MARC-8) MARC (Unicode/UTF-8) MARC (Unicode/UTF-8, Standard) MODS (XML) RIS
  • More searches
    Search for this title in:
    Other Libraries (WorldCat) Other Databases (Google Scholar) Online Stores (Bookfinder.com) Open Library (openlibrary.org)

Exporting to Dublin Core...

SOUTHVILLE LIBRARY

Southville International School and Colleges Library

1281 Tropical Ave. Cor. Luxembourg St., BF Homes International, Las Pinas City

Tel. No. 8256374 / 252358 Loc. 117/146

Powered by Koha